Pasión por enseñar. La identidad personal y profesional del docente y sus valores
Guardat en:
| Autor principal: | |
|---|---|
| Format: | Llibre |
| Idioma: | espanyol |
| Publicat: |
Madrid, España
Narcea
2006
|
| Col·lecció: | Colección Educadores
|
| Matèries: | |
| Etiquetes: |
Afegir etiqueta
Sense etiquetes, Sigues el primer a etiquetar aquest registre!
|
MARC
| LEADER | 00000cam a2200000 a 4500 | ||
|---|---|---|---|
| 001 | UCI2354 | ||
| 003 | CL-VaPUC | ||
| 005 | 20250303121919.0 | ||
| 008 | 070817e20060000SP |||||||||||||||||spa|d | ||
| 999 | |c 326957 |d 326955 | ||
| 020 | |a 8427715080 | ||
| 040 | |c Pontificia Universidad Católica de Valparaíso | ||
| 082 | 0 | 4 | |a 373.246 DAY 2006 |2 21 |
| 100 | 0 | |a Day, Christopher |e author |9 64 | |
| 245 | 1 | 0 | |a Pasión por enseñar. |b La identidad personal y profesional del docente y sus valores |
| 260 | |a Madrid, España |b Narcea |c 2006 | ||
| 300 | |a 212 páginas | ||
| 440 | |a Colección Educadores |n XXI |9 856749 | ||
| 500 | |a c.12 Donación VRA-N.Vásquez | ||
| 583 | |a last modification |c 20190809 12:15:01 |k Rodrigo Vera | ||
| 650 | 0 | |a Educación |9 258661 |x Docentes | |
| 650 | 0 | |a Relación Docente- estudiante |9 254827 |x Ética profesional | |
| 852 | |a BIBEDU | ||
| 942 | |c BK |2 ddc | ||
| 945 | |d 20070817 00:00:00 |a jtorresc | ||
| 952 | |0 0 |1 0 |2 ddc |4 0 |6 373_246000000000000_DAY_2006 |7 0 |8 A |9 409252 |a BIBEDU |b BIBEDU |c MCIRC |d 2019-11-22 |i 4364422 |o 373.246 DAY 2006 |p 4364422 |r 2023-01-13 |w 2019-11-22 |y BK |k EDU | ||
| 952 | |0 0 |1 0 |2 ddc |4 0 |6 373_246000000000000_DAY_2006 |7 0 |8 A |9 409253 |a BIBEDU |b BIBEDU |c MCIRC |d 2019-11-22 |i 4716035 |o 373.246 DAY 2006 |p 4716035 |r 2023-01-13 |w 2019-11-22 |y BK |k PAR | ||
| 952 | |0 0 |1 0 |2 ddc |4 0 |6 373_246000000000000_DAY_2006 |7 0 |8 A |9 409254 |a BIBEDU |b BIBEDU |c MCIRC |d 2019-11-22 |i 4716043 |o 373.246 DAY 2006 |p 4716043 |r 2023-01-13 |w 2019-11-22 |y BK |k PAR | ||
| 952 | |0 0 |1 0 |2 ddc |4 0 |6 373_246000000000000_DAY_2006 |7 0 |8 A |9 409255 |a BIBEDU |b BIBEDU |c MCIRC |d 2019-11-22 |i 4767411 |o 373.246 DAY 2006 |p 4767411 |r 2023-01-13 |w 2019-11-22 |y BK |k EPE | ||
| 952 | |0 0 |1 0 |2 ddc |3 erb |4 0 |6 373_246000000000000_DAY_2006 |7 0 |8 A |9 409256 |a BIBEDU |b BIBEDU |c MCIRC |i 5127874 |l 1 |o 373.246 DAY 2006 |p 5127874 |r 2025-04-24 |s 2025-04-16 |w 2019-11-22 |y BK |z Catalogado en:20141204 |k EBA | ||
| 952 | |0 0 |1 0 |2 ddc |3 erb |4 0 |6 373_246000000000000_DAY_2006 |7 0 |8 A |9 409257 |a BIBEDU |b BIBEDU |c MCIRC |d 2019-06-12 |e 11 |g 16700.00 |i 5552958 |o 373.246 DAY 2006 |p 5552958 |r 2023-01-13 |v 16700.00 |w 2019-11-22 |y BK |z Catalogado en:20190617 |k EBA | ||
| 952 | |0 0 |1 0 |2 ddc |3 erb |4 0 |6 373_246000000000000_DAY_2006 |7 0 |8 A |9 409258 |a BIBEDU |b BIBEDU |c MCIRC |d 2019-07-08 |e 11 |g 48000.00 |i 5555108 |o 373.246 DAY 2006 |p 5555108 |r 2023-01-13 |v 48000.00 |w 2019-11-22 |y BK |z Catalogado en:20190719 |k EPE | ||
| 952 | |0 0 |1 0 |3 erb |4 0 |6 373_246000000000000_DAY_2006 |7 0 |8 R |9 409259 |a BIBEDU |b BIBEDU |c MCIRC |d 2019-07-08 |e 11 |g 48000.00 |i 5555116 |l 1 |o 373.246 DAY 2006 |p 5555116 |r 2024-04-24 |s 2024-04-17 |v 48000.00 |w 2019-11-22 |y BK |z Catalogado en:20190719 |k EPE | ||
| 952 | |0 0 |1 0 |3 erb |4 0 |6 373_246000000000000_DAY_2006 |7 0 |8 R |9 409260 |a BIBEDU |b BIBEDU |c MCIRC |d 2019-08-08 |e 11 |g 16700.00 |i 5557836 |l 3 |o 373.246 DAY 2006 |p 5557836 |r 2024-04-24 |s 2024-04-17 |v 16700.00 |w 2019-11-22 |y BK |z Catalogado en:20190814 |k EBA | ||
| 952 | |0 0 |1 0 |2 ddc |3 erb |4 0 |6 373_246000000000000_DAY_2006 |7 0 |8 A |9 409261 |a BIBEDU |b BIBEDU |c MCIRC |d 2019-08-08 |e 11 |g 16700.00 |i 5557844 |o 373.246 DAY 2006 |p 5557844 |r 2023-01-13 |v 16700.00 |w 2019-11-22 |y BK |z Catalogado en:20190814 |k EBA | ||
| 952 | |0 0 |1 0 |2 ddc |4 0 |6 373_246000000000000_DAY_2006 |7 0 |8 A |9 576840 |a BIBEDU |b BIBEDU |d 2020-11-06 |e 3 |g 20983.00 |i 5576997 |l 3 |m 1 |o 373.246 DAY 2006 |p 5576997 |r 2024-05-03 |s 2024-04-23 |t 11 |v 20983.00 |w 2020-11-06 |y BK |k EBA | ||
| 952 | |0 0 |1 0 |2 ddc |4 0 |6 373_246000000000000_DAY_2006 |7 0 |8 A |9 577780 |a BIBHIS |b BIBHIS |d 2021-05-18 |i 5620910 |l 1 |o 373.246 DAY 2006 |p 5620910 |r 2025-01-20 |s 2023-05-18 |t 12 |w 2021-05-18 |y BK |k HIS | ||